000 00280nam a2200121Ia 4500
008 241002s9999 xx 000 0 und d
082 _a304.5 VAN
100 _aVance, Packard
245 4 _aThe Naked Society
260 _aLondon:
_c1970
600 _aSocial Sciences
942 _cUC
999 _c18359
_d18359